书目信息 |
| 题名: |
跳水竞赛规则
|
|
| 作者: | ;国家体育运动委员会 审定 | |
| 分册: | ||
| 出版信息: | 北京 人民体育出版社 1979 |
|
| 页数: | 116页 | |
| 开本: | 13cm | |
| 丛书名: | ||
| 单 册: | ||
| 中图分类: | G861.24 | |
| 科图分类: | ||
| 主题词: | 跳水-竞赛规则--1979 , 竞赛规则-跳水--1979 , 水上运动 , 冰上运动 , 雪上运动 | |
| 电子资源: | ||
| ISBN: | ||
| 000 | 00776nam0 2200289 45 | |
| 001 | 0179003860 | |
| 005 | 20060814175603.42 | |
| 010 | @dCNY0.24 | |
| 091 | @a7015.1729 | |
| 100 | @a19950717d1979 em y0chiy0121 ea | |
| 101 | 0 | @achi |
| 102 | @aCN@b110000 | |
| 105 | @ay z 000yy | |
| 106 | @ar | |
| 200 | 10 | @a跳水竞赛规则@Atiao shui jing sai gui ze@e1979@f国家体育运动委员会审定 |
| 205 | @a3版 | |
| 210 | @a北京@c人民体育出版社@d1979 | |
| 215 | @a116页@d13cm | |
| 606 | @a跳水-竞赛规则@z1979 | |
| 606 | @a竞赛规则-跳水@z1979 | |
| 606 | 0 | @a水上运动 |
| 606 | 0 | @a冰上运动 |
| 606 | 0 | @a雪上运动 |
| 690 | @aG861.24 | |
| 711 | 02 | @a国家体育运动委员会@Aguo jia ti yu yun dong wei yuan hui@4审定 |
| 801 | 0 | @aCN@bNLC@c20060814 |
| 905 | @f1@b32007@dG861.24@e3=3 | |
| 跳水竞赛规则:1979/国家体育运动委员会审定.-3版.-北京:人民体育出版社,1979 |
| 116页;13cm |
| ISBN :CNY0.24 |
| ● |
| 相关链接 |
|
|
|
|
正题名:跳水竞赛规则
索取号:G861.24/3=3
 
预约/预借
| 序号 | 登录号 | 条形码 | 馆藏地/架位号 | 状态 | 备注 |
| 1 | 0032007 | 000306984 | 密集书库/ [索取号:G861.24/3=3] | 在馆 |